000 01020nam a22003017a 4500
001 8041
003 FISKH
005 20250819131038.0
008 250819b cb ||||| |||| 00| 0 eng d
020 _a9780439098601
040 _aFISKH
_beng
_cFISKH
_dFISKH
050 _aPZ7.J6478 B
082 _a813.5
100 _aJohnson, Tony
_d(1942-)
245 _aBig red apple /
_cBy Tony Johnson ; Illustrated by Judith Hoffman Corwin
250 _aThis edition first published in 1999
260 _aNew York :
_bScholastic,
_c1999
300 _a29 unnumbered pages :
_bcolor illustrations ;
_c23 cm
505 _aC
520 _aThe wind blows an apple off a tree, a worm eats a tiny hole in it, a bird pecks at it, and a boy eats it, spitting out the seeds--from which an apple tree grows.
521 8 _a110
_bLexile
521 8 _aC
_bRaz-Plus
650 _2Autumn
_aApples
650 _2Easy reader
_aSeptember
700 _aCorwin, Hoffman Judith
_dillustrator
942 _2ddc
_cBK
_n0
999 _c8041
_d8041